3 Letter Words Starting with Z in Scramble - Statistics

General Stats
  • This quiz has been taken 25 times
  • The average score is 11 of 16
Answer Stats
Words % Correct
Zen
100%
Zin
100%
Zip
96%
Zap
87%
Zoo
87%
Zag
74%
Zig
74%
Zed
70%
Zee
70%
Zit
70%
Zas
52%
Zek
52%
Zax
48%
Zep
48%
Zoa
39%
Zuz
30%
No matching quizzes found
Score Distribution
Percent of People with Each Score
Percentile by Number Answered
Your Score History
You have not taken this quiz